[Event "Maastricht Limburg op-A 6th"]
[White "Reymann, Cedric"]
[Black "Bok, Benjamin"]
[Site "Maastricht"]
[Round "6.6"]
[Result "0-1"]
[Date "2012.05.28"]
[WhiteElo "2138"]
[BlackElo "2511"]
[PlyCount "48"]
[EventDate "2012.05.25"]
[EventType "swiss"]
[EventRounds "7"]
[EventCountry "NED"]
[SourceTitle "CBM 148 Extra"]
[Source "ChessBase"]
[SourceDate "2012.06.22"]
[SourceVersion "1"]
[SourceVersionDate "2012.06.22"]
[SourceQuality "1"]

1. e4 e5 2. Nf3 Nc6 3. d4 exd4 4. Nxd4 g6 5. Nc3 Bg7 6. Be3 Nf6 7. Nxc6 bxc6 8. g3 0-0 9. Bg2 Ba6 10. f4 Qe7 11. Kf2 d5 12. e5 Nd7 13. Re1 Nb6 14. b3 f6 15. exf6 Qxf6 16. Bd2 Qd4+ 17. Kf3 Rae8 18. a4 Nc8 19. a5 Nd6 20. Ra4 Qf6 21. Kf2 Rxe1 22. Bxe1 Re8 23. Bf3 Qe7 24. Bd2 Bxc3 0-1

[Event "Maastricht Limburg op-A 4th"]
[White "Reymann, Cedric"]
[Black "Groot, Simon"]
[Site "Maastricht"]
[Round "4"]
[Result "1-0"]
[Date "2010.05.23"]
[WhiteElo "2144"]
[BlackElo "2026"]
[PlyCount "69"]
[EventDate "2010.05.21"]
[EventType "swiss"]
[EventRounds "7"]
[EventCountry "NED"]
[SourceTitle "CBM 136 Extra"]
[Source "ChessBase"]
[SourceDate "2010.07.02"]
[SourceVersion "2"]
[SourceVersionDate "2010.07.15"]
[SourceQuality "1"]

1. e4 c5 2. c3 d5 3. exd5 Qxd5 4. d4 Nc6 5. Nf3 Bg4 6. Be2 cxd4 7. cxd4 e6 8. Nc3 Qa5 9. 0-0 Nf6 10. h3 Bh5 11. a3 Be7 12. Qb3 Bxf3 13. Bxf3 Nxd4 14. Qxb7 Nxf3+ 15. Qxf3 0-0 16. Be3 Rac8 17. Rfd1 Qa6 18. Rd4 Bc5 19. Ra4 Qb6 20. Bg5 Qxb2 21. Bxf6 Bxf2+ 22. Qxf2 Qxa1+ 23. Kh2 Rxc3 24. Rg4 g6 25. Rc4 Rxh3+ 26. Kxh3 Qxa3+ 27. Kh2 Qd3 28. Rc5 h6 29. Qf4 g5 30. Bxg5 f5 31. Bxh6 Rf7 32. Rc8+ Kh7 33. Qh4 Kg6 34. Rg8+ Kh7 35. Rg3 1-0

[Event "Kaupthing op"]
[White "Reymann, Cedric"]
[Black "Baskewitsch, Pierre"]
[Site "Differdange"]
[Round "3"]
[Result "0-1"]
[Date "2008.05.10"]
[WhiteElo "2236"]
[BlackElo "2068"]
[PlyCount "64"]
[EventDate "2008.05.10"]
[EventType "swiss"]
[EventRounds "9"]
[EventCountry "LUX"]
[SourceTitle "CBM 124 Extra"]
[Source "ChessBase"]
[SourceDate "2008.07.03"]
[SourceVersion "1"]
[SourceVersionDate "2008.07.03"]
[SourceQuality "1"]

1. e4 Nf6 2. e5 Nd5 3. d4 e6 4. c4 Nb6 5. Nf3 d6 6. exd6 cxd6 7. Bd3 Be7 8. Nc3 Nc6 9. Qe2 Bf6 10. Be3 Bd7 11. a3 0-0 12. Ne4 Be7 13. Ng3 f5 14. Bd2 Bf6 15. Bc3 Na4 16. 0-0 Nxc3 17. bxc3 Rc8 18. Nh5 e5 19. Nxf6+ Qxf6 20. dxe5 dxe5 21. Bc2 e4 22. Nd4 Na5 23. Rab1 b6 24. Rb4 Rc5 25. f3 exf3 26. Qxf3 Nc6 27. Nxc6 Bxc6 28. Qh3 g6 29. Re1 Re5 30. Rbb1 Rfe8 31. Kf2 Qg5 32. Rxe5 Qd2+ 0-1

[Event "Kaupthing op"]
[White "Reymann, Cedric"]
[Black "Maleki, Nicolas"]
[Site "Differdange"]
[Round "5"]
[Result "0-1"]
[Date "2008.05.10"]
[WhiteElo "2236"]
[BlackElo "2155"]
[PlyCount "38"]
[EventDate "2008.05.10"]
[EventType "swiss"]
[EventRounds "9"]
[EventCountry "LUX"]
[SourceTitle "CBM 124 Extra"]
[Source "ChessBase"]
[SourceDate "2008.07.03"]
[SourceVersion "1"]
[SourceVersionDate "2008.07.03"]
[SourceQuality "1"]

1. e4 c6 2. d4 d5 3. e5 Bf5 4. Nf3 e6 5. Be2 c5 6. Be3 Nc6 7. 0-0 Qb6 8. c4 Qxb2 9. Nbd2 cxd4 10. Nxd4 Nxd4 11. Bxd4 Qxd4 12. Qa4+ Kd8 13. Rad1 Qc3 14. Rb1 Bc2 15. Qb5 b6 16. Nf3 Bxb1 17. Rxb1 Bc5 18. cxd5 exd5 19. Qc6 Bxf2+ 0-1

[Event "FRA-chT2 0304"]
[White "Reymann, Cedric"]
[Black "Benoit, Michel"]
[Site "France"]
[Round "7"]
[Result "1-0"]
[Date "2004.02.01"]
[WhiteElo "2207"]
[BlackElo "2241"]
[PlyCount "59"]
[EventDate "2003.10.??"]
[EventType "team-tourn"]
[EventRounds "11"]
[EventCountry "FRA"]
[SourceTitle "EXT 2005"]
[Source "ChessBase"]
[SourceDate "2004.11.15"]
[SourceVersion "1"]
[SourceVersionDate "2004.11.15"]
[SourceQuality "1"]

1. e4 g6 2. d4 c6 3. Nc3 d5 4. Nf3 Bg7 5. h3 Nf6 6. e5 Ne4 7. Nxe4 dxe4 8. Ng5 c5 9. c3 cxd4 10. Qxd4 Qa5 11. Bc4 0-0 12. Bxf7+ Kh8 13. Qxe4 Qxe5 14. Qxe5 Bxe5 15. Bd5 e6 16. Be4 Nd7 17. Be3 Nf6 18. Bf3 Nd5 19. Bxd5 exd5 20. Rd1 Bg7 21. Rxd5 Bf5 22. g4 Bb1 23. 0-0 Bxa2 24. Rd7 Rae8 25. Ra1 Bg8 26. Rxa7 Rb8 27. Raxb7 Rxb7 28. Rxb7 h6 29. Rxg7 hxg5 30. Bd4 1-0

[Event "FRA-chT2 0304"]
[White "Pietrasanta, Jeremy"]
[Black "Reymann, Cedric"]
[Site "France"]
[Round "5"]
[Result "1/2-1/2"]
[Date "2004.01.17"]
[WhiteElo "2199"]
[BlackElo "2207"]
[PlyCount "110"]
[EventDate "2003.10.??"]
[EventType "team-tourn"]
[EventRounds "11"]
[EventCountry "FRA"]
[SourceTitle "EXT 2005"]
[Source "ChessBase"]
[SourceDate "2004.11.15"]
[SourceVersion "1"]
[SourceVersionDate "2004.11.15"]
[SourceQuality "1"]

1. e4 c5 2. Nf3 d6 3. g3 Nc6 4. Bg2 g6 5. 0-0 Bg7 6. c3 e5 7. a3 Nge7 8. b4 a6 9. d3 0-0 10. Be3 cxb4 11. axb4 d5 12. b5 Na5 13. Na3 h6 14. Re1 Be6 15. exd5 Nxd5 16. Bd2 e4 17. Nd4 Nxc3 18. Bxc3 Bxd4 19. Bxd4 Qxd4 20. dxe4 Qc5 21. Qc1 Rac8 22. Qxh6 Nb3 23. Ra2 axb5 24. Nb1 Nc1 25. Ra1 Nd3 26. Rf1 Ra8 27. Rxa8 Rxa8 28. Nd2 Ra2 29. e5 Qxe5 30. Ne4 b4 31. Qh4 b3 32. Qd8+ Kg7 33. Qxd3 Bd5 34. Rb1 Ra1 35. Nc3 Rxb1+ 36. Nxb1 Qe1+ 37. Qf1 Qxf1+ 38. Kxf1 Bc4+ 39. Ke1 Bd3 40. Nc3 b2 41. Bxb7 b1Q+ 42. Nxb1 Bxb1 43. Kd2 Kf6 44. Bd5 Kg7 45. Ke3 f6 46. Be4 Ba2 47. Kf4 Be6 48. h4 Kh6 49. Bd3 Bd5 50. Be2 Be6 51. Ke4 Kg7 52. f4 Kf7 53. Bf3 Kg7 54. g4 Bb3 55. f5 Bc2+ 1/2-1/2

[Event "FRA-chT2 0304"]
[White "Stawiarski, Edmond"]
[Black "Reymann, Cedric"]
[Site "France"]
[Round "3"]
[Result "0-1"]
[Date "2003.11.16"]
[WhiteElo "2207"]
[BlackElo "2207"]
[PlyCount "74"]
[EventDate "2003.10.??"]
[EventType "team-tourn"]
[EventRounds "11"]
[EventCountry "FRA"]
[SourceTitle "EXT 2005"]
[Source "ChessBase"]
[SourceDate "2004.11.15"]
[SourceVersion "1"]
[SourceVersionDate "2004.11.15"]
[SourceQuality "1"]
[WhiteTeam "Arras"]
[BlackTeam "Bagneux"]
[WhiteTeamCountry "FRA"]
[BlackTeamCountry "FRA"]

1. d4 d5 2. Nf3 c5 3. c3 Nf6 4. Bf4 Nc6 5. e3 Qb6 6. Qc1 Bf5 7. Nbd2 e6 8. h3 h6 9. Be2 Be7 10. 0-0 0-0 11. Ne5 Rac8 12. Nxc6 bxc6 13. Nf3 cxd4 14. exd4 c5 15. Be5 Nd7 16. Qd2 Nxe5 17. dxe5 f6 18. Bd3 fxe5 19. Nxe5 c4 20. Bxf5 Rxf5 21. Rae1 Bg5 22. Qe2 Re8 23. Nf3 Bf4 24. Nd4 Rf6 25. Qh5 Ref8 26. Rxe6 Rxe6 27. Qxd5 Rfe8 28. Re1 Qc5 29. Rxe6 Qxd5 30. Rxe8+ Kf7 31. Re2 Qa5 32. a3 Qa4 33. Nc2 Bc1 34. Ne3 Qb3 35. Kh2 Bxb2 36. Nxc4 Qxc4 37. Rxb2 Qxc3 0-1

[Event "FRA-chT2 0304"]
[White "Reymann, Cedric"]
[Black "Delabre, Tony"]
[Site "France"]
[Round "1"]
[Result "1-0"]
[Date "2003.10.12"]
[WhiteElo "2207"]
[BlackElo "2095"]
[PlyCount "73"]
[EventDate "2003.10.??"]
[EventType "team-tourn"]
[EventRounds "11"]
[EventCountry "FRA"]
[SourceTitle "EXT 2005"]
[Source "ChessBase"]
[SourceDate "2004.11.15"]
[SourceVersion "1"]
[SourceVersionDate "2004.11.15"]
[SourceQuality "1"]

1. e4 e5 2. Nf3 Nc6 3. Nc3 Nf6 4. d4 exd4 5. Nxd4 Bb4 6. Nxc6 bxc6 7. Bd3 0-0 8. 0-0 d5 9. exd5 cxd5 10. Bg5 c6 11. Na4 Be6 12. c3 Be7 13. b4 Qd6 14. Qd2 a5 15. a3 axb4 16. axb4 d4 17. Bxf6 Bxf6 18. c4 Bd8 19. f4 Bc7 20. g3 Bh3 21. Rfe1 Rfe8 22. Nc5 Rxa1 23. Rxa1 f5 24. Re1 Re7 25. Nb3 Bd8 26. Rxe7 Qxe7 27. c5 Qd7 28. Bc4+ Kh8 29. Qxd4 Qe8 30. Be6 Bf6 31. Qd7 Qa8 32. Na5 h6 33. Qxc6 Bd4+ 34. Kh1 Qa7 35. Qe8+ Kh7 36. Bg8+ Kh8 37. Bf7+ 1-0

[Event "FRA-chT2W 0203"]
[White "Reymann, Cedric"]
[Black "Gozzoli, Yannick"]
[Site "France"]
[Round "7"]
[Result "1/2-1/2"]
[Date "2003.02.02"]
[WhiteElo "2195"]
[BlackElo "2419"]
[PlyCount "67"]
[EventDate "2002.10.??"]
[EventType "team-tourn"]
[EventRounds "11"]
[EventCountry "FRA"]
[SourceTitle "EXT 2004"]
[Source "ChessBase"]
[SourceDate "2003.11.25"]
[SourceVersion "1"]
[SourceVersionDate "2003.11.25"]
[SourceQuality "1"]
[WhiteTeam "Bagneux"]
[BlackTeam "Evry"]
[WhiteTeamCountry "FRA"]
[BlackTeamCountry "FRA"]

1. e4 Nf6 2. e5 Nd5 3. d4 d6 4. c4 Nb6 5. exd6 cxd6 6. Nc3 g6 7. Be3 Bg7 8. Rc1 0-0 9. b3 Nc6 10. d5 Nb4 11. Qd2 e6 12. dxe6 Bxe6 13. Nf3 Nc6 14. Be2 d5 15. Nxd5 Nxd5 16. cxd5 Qxd5 17. Qxd5 Bxd5 18. Rd1 Bc3+ 19. Bd2 Bf6 20. 0-0 Rfe8 21. Be3 Rad8 22. Nd2 Nb4 23. Bc4 Bc6 24. a4 a6 25. Bb6 Rd7 26. Nf3 Nd5 27. Bd4 Nc3 28. Bxf6 Nxd1 29. Ne5 Rxe5 30. Bxe5 Rd2 31. Bf4 Rd4 32. Be5 Rd2 33. Bf4 Rd4 34. Be5 1/2-1/2